LEADER 01641nam a2200337 a 4500 001 000000165770 003 CaOOAMICUS 005 20180208094834.0 008 180208m20149999gw b u000 u ger r 020 $a978-3-451-23719-5 (v. 1)* 032 $aLibriCat 040 $aPUL$bita 100 1 $aRahner, Karl,$cS.I.,$d1904-1984.$0(OLS)http://pul/name/3587 245 10$aFrühe spirituelle Texte und Studien :$bGrundlagen im Orden /$cKarl Rahner ; bearbeitet von Karl Kardinal Lehmann und Albert Raffelt. 260 $aFreiburg ;$aBasel ;$aWien :$bHerder,$c©2014- 300 $av. ;$c24 cm. 490 1 $aSämtliche Werke ;$v1.1 504 $aInclude riferimenti bibliografici. 650 4$aSpiritualità.$0(OLS)http://pul/subject/843 700 1 $aLehmann, Karl,$cvesc. di Mainz,$d1936-$0(OLS)http://pul/name/26285 700 1 $aRaffelt, Albert.$0(OLS)http://pul/name/40537 800 1 $aRahner, Karl,$cS.I.,$d1904-1984.$tOpera omnia ;$v1.1.$0(OLS)http://pul/nameTitle/1412$0(OLS)http://pul/name/3587$0(OLS)http://pul/title/2415 830 0$aKarl Rahner Sämtliche Werke ;$v1.1.$0(OLS)http://pul/title/205455 850 $aPUL 852 $aPUL$W1$xSL Religione 1$y3$m56 P 1.1$j190157$bv. 1$qStampati$B193132$CPULBib$Z2$F193132 $H130468 $81 941 1 $a8 983 0$aSämtliche Werke / Rahner, Karl. 996 $6020$a978-3-451-23719-5 (v. 1)*$9(OLS)http://pul/number/163408 996 $6245$aFrühe spirituelle Texte und Studien :$bGrundlagen im Orden$9(OLS)http://pul/title/205458 996 $6260$aFreiburg ;$aBasel ;$aWien :$bHerder$9(OLS)http://pul/publisher/48104 LEADER 01552nam a2200337 a 4500 001 000000143466 003 CaOOAMICUS 005 20150521101053.0 008 150521s2003 ag b u010 u spa r 020 $a950-44-0034-5 040 $aPUL$bita 082 04$a230 245 03$aLa fiesta del pensar :$bhomenaje a Eduardo Briancesco /$cVictor M. Fernandez, Carlos M. Galli, Fernando J. Ortega editores ; Natacha Caravia diseño editorial. 260 $aBuenos Aires :$bUniversidad Católica Argentina,$c2003. 300 $a507 p. ;$c23 cm 490 1 $aEstudios y documentos 504 $aBibliografia in nota. 600 14$aBriancesco, Eduardo,$d1927-$0(OLS)http://pul/subject/41752 700 1 $aOrtega, Fernando J.$0(OLS)http://pul/name/92201 700 1 $aFernández, Víctor Manuel,$d1962-$0(OLS)http://pul/name/69425 700 1 $aCaravia, Natacha.$0(OLS)http://pul/name/92202 700 1 $aGalli, Carlos María,$csac.,$d1957-$0(OLS)http://pul/name/69426 830 0$aEstudios y documentos.$0(OLS)http://pul/title/181515 850 $aPUL 852 $aPUL$W1$xDP2 Religione 3$y114$m230 BRIED 1$j165608$qDDC 21$B165873$CPULBib$Z2$F165873 $H125850 $82 941 1 $a9 996 $6020$a950-44-0034-5$9(OLS)http://pul/number/157585 996 $6082$a230$9(OLS)http://pul/classification/368 996 $6245$aLa fiesta del pensar :$bhomenaje a Eduardo Briancesco$9(OLS)http://pul/title/181532 996 $6260$aBuenos Aires :$bUniversidad Católica Argentina$9(OLS)http://pul/publisher/55160